00393nam a2200121Ia 4500008004100000020001800041050002000059100003600079245009000115260002800205300001100233650002700244120626s9999 xx 000 0 und d a970-564-779-7 aPN1994 F66 2001 aMercader, Yolanda (Compiladora) aCruzando fronteras cinematográficas / Luna Patricia : Yolanda Mercader compiladoras aMexico : UAM-Xochimilco a270 p. a1. Cine - CongresosÌ